[Event "36th Reykjavik op"]
[Site "Reykjavik ISL"]
[Date "2023.03.29"]
[Round "1.52"]
[White "Southcott-Moyers, Indy"]
[Black "Sukandar, Irine Kharisma"]
[WhiteElo "2094"]
[BlackElo "2389"]
[Result "0-1"]
[EventDate "2023.03.29"]
[PlyCount "73"]

1. d4 Nf6 2. c4 e6 3. Nf3 Bb4+ 4. Bd2 Bxd2+ 5. Qxd2 b6 6. Nc3 Bb7 7. e3 O-O 8. Bd3
Re8 9. O-O Bxf3 10. gxf3 d6 11. f4 e5 12. dxe5 dxe5 13. fxe5 Ng4 14. f4 Na6 15. Qe2
Qh4 16. Bf5 Nh6 17. Be4 Rad8 18. Qf2 Qg4+ 19. Kh1 Nc5 20. Rg1 Qc8 21. Qg2 g6 22.
Bd5 Nf5 23. Qf3 c6 24. Be4 Rd2 25. b4 Nd3 26. Raf1 Rd8 27. Rg5 Ne7 28. Bxd3 R2xd3
29. Ne4 Nf5 30. Nf6+ Kg7 31. Re1 Qe6 32. Qh3 h6 33. Rgg1 Kf8 34. c5 bxc5 35. bxc5
Qxa2 36. Qf1 (36. Qf3 Rd2 37. Rg2 Nh4 38. Rxd2 Qxd2 39. Qf1 a5 40. Re2 Qd3 41. Re1
Qd2 42. Re2 Qb4 43. Qe1 Qc4 44. Qxh4 Qxe2 45. Nh7+ Kg8 46. Nf6+ Kg7 47. Nh5+ gxh5
48. Qf6+ Kg8 49. Qxd8+ Kh7 50. h3 Qxe3 51. Qxa5 Qxh3+ 52. Kg1 Qg3+ 53. Kh1 Qxf4 54.
Qe1 h4 55. Qe2 Qc1+ 56. Kh2 Qxc5 57. Qe4+ Kh8 58. Qf5 Qe7 59. Qc8+ Kg7 60. Qxc6 Qxe5+
61. Kh1 Qe1+ 62. Kh2 Qd2+ 63. Kh3 Qe3+ 64. Kxh4 Qg5+ 65. Kh3 Qh5+ 66. Kg3 Qg6+ 67.
Kh4 Qxc6) 36... a5 37. Re2  0-1

[Event "36th Reykjavik op"]
[Site "Reykjavik ISL"]
[Date "2023.03.29"]
[Round "1.53"]
[White "Karacsonyi, Gellert"]
[Black "Doraszelski, Alexander"]
[WhiteElo "2385"]
[BlackElo "2093"]
[Result "1-0"]
[EventDate "2023.03.29"]
[PlyCount "133"]

1. d4 d5 2. Nf3 Nf6 3. Bf4 c5 4. e3 Nc6 5. Nbd2 cxd4 6. exd4 Bf5 7. Bb5 e6 8. Ne5
Qb6 9. c4 Rc8 10. Qa4 a6 11. Bxc6+ bxc6 12. Rc1 Bb4 13. O-O Bxd2 14. Bxd2 O-O 15.
Bb4 Rfe8 16. Ba3 Ng4 17. Bc5 Qb7 18. b3 Nxe5 19. dxe5 Red8 20. Bd6 h5 21. Rfd1 Be4
22. c5 Ra8 23. Rc3 Rd7 24. Rh3 Qb5 25. Rd4 Rb7 26. Re3 a5 27. f3 Bg6 28. Kf2 Qxa4
29. Rxa4 Raa7 30. Re2 Bd3 31. Rb2 Bb5 32. Rh4 g6 33. Ke3 a4 34. bxa4 Bc4 35. Rb6
Rd7 36. g4 Rxa4 37. gxh5 Bb5 38. Rxa4 Bxa4 39. Ra6 Bb5 40. Ra8+ Kh7 41. hxg6+ Kxg6
42. a4 Bc4 43. Rg8+ Kh7 44. Rg4 Ra7 45. Rh4+ Kg6 46. Bf8 Rxa4 47. Rh6+ Kf5 48. Rh5+
Kg6 49. Rh6+ Kf5 50. Bd6 Ra3+ 51. Kf2 Kg5 52. Rf6 d4 53. Kg3 Ra1 54. h4+ Kh5 55.
Bf8 Rg1+ 56. Kf4 Rg6 57. Rxf7 Rg8 58. Rf6 Rg6 59. Rf7 Rg8 60. Ke4 d3 61. Ke3 Bb5
62. Rh7+ Kg6 63. Rh6+ Kf5 64. Rh5+ Kg6 65. Rh6+ Kf5 66. Bd6 Rg6 67. Rh5+  1-0

[Event "36th Reykjavik op"]
[Site "Reykjavik ISL"]
[Date "2023.03.29"]
[Round "1.54"]
[White "Becker, Tobias"]
[Black "Ajay Krishna, S"]
[WhiteElo "2085"]
[BlackElo "2382"]
[Result "0-1"]
[EventDate "2023.03.29"]
[PlyCount "56"]

1. e4 c5 2. Nf3 d6 3. d4 cxd4 4. Nxd4 Nf6 5. Nc3 a6 6. f3 e5 7. Nb3 Be6 8. Be3 Nbd7
9. g4 Be7 10. Qd2 b5 11. O-O-O b4 12. Nd5 Bxd5 13. exd5 Nb6 14. Bxb6 Qxb6 15. Bd3
a5 16. Kb1 a4 17. Nc1 Nxd5 18. Bb5+ Qxb5 19. Qxd5 Ra5 20. Qe4 O-O 21. Rd2 a3 22.
Nb3 Raa8 23. Rd5 Qa4 24. Nd2 axb2 25. Qc4 Rfc8 26. Qb3 Qc6 27. Qd3 Ra3 28. Nb3 Qa8
 0-1

[Event "36th Reykjavik op"]
[Site "Reykjavik ISL"]
[Date "2023.03.29"]
[Round "1.55"]
[White "Kushko, Dmitriy"]
[Black "Karason, Askell Oern"]
[WhiteElo "2379"]
[BlackElo "2084"]
[Result "1-0"]
[EventDate "2023.03.29"]
[PlyCount "77"]

1. g3 g6 2. Bg2 Bg7 3. d4 d5 4. Nf3 c6 5. O-O Nh6 6. Nbd2 Nf5 7. c3 O-O 8. e4 dxe4
9. Nxe4 Nd7 10. Re1 Nf6 11. Nc5 Nd5 12. h4 b6 13. Nd3 Bb7 14. h5 Rc8 15. hxg6 hxg6
16. Ng5 Nf6 17. Ne5 Nh7 18. Qb3 Bxe5 19. dxe5 Ng7 20. Rd1 Qe8 21. Qa4 Ra8 22. Bh3
Nxg5 23. Bxg5 c5 24. Qxe8 Rfxe8 25. Bd7 Ne6 26. Bxe8 Nxg5 27. Ba4 Nf3+ 28. Kf1 Nh2+
29. Ke2 Bf3+ 30. Ke3 Bxd1 31. Rxd1 Ng4+ 32. Kf4 Nxf2 33. Rd2 g5+ 34. Kf3 Nh3 35.
Kg4 a6 36. Bc6 Rc8 37. Bg2 Ng1 38. Rd1 Ne2 39. Bf3  1-0

[Event "36th Reykjavik op"]
[Site "Reykjavik ISL"]
[Date "2023.03.29"]
[Round "1.56"]
[White "Lohia, Sohum"]
[Black "Pasti, Aron"]
[WhiteElo "2081"]
[BlackElo "2378"]
[Result "1-0"]
[EventDate "2023.03.29"]
[PlyCount "69"]

1. e4 c5 2. Nf3 e6 3. d4 cxd4 4. Nxd4 Nc6 5. Nc3 Qc7 6. f4 a6 7. Nxc6 bxc6 8. Bd3
d5 9. O-O Nf6 10. Qe2 Be7 11. Bd2 c5 12. b3 d4 13. Nd1 Nd7 14. Nb2 Qb8 15. Rae1 Bd8
16. e5 Bc7 17. Nc4 Nb6 18. Be4 Bb7 19. f5 Nxc4 20. bxc4 exf5 21. Bd5 Bxd5 22. cxd5
O-O 23. d6 Bb6 24. Rb1 Qd8 25. Rxf5 Ba5 26. Bxa5 Qxa5 27. Qc4 Qc3 28. Qd5 Qe3+ 29.
Kh1 g6 30. Rf3 Qe2 31. Rbf1 Kh8 32. e6 f5 33. e7 Rfb8 34. Qxc5 Qe4 35. d7  1-0

[Event "36th Reykjavik op"]
[Site "Reykjavik ISL"]
[Date "2023.03.29"]
[Round "1.57"]
[White "Sidhant, Mohapatra"]
[Black "Deatrick, Alexander"]
[WhiteElo "2376"]
[BlackElo "2081"]
[Result "1-0"]
[EventDate "2023.03.29"]
[PlyCount "83"]

1. Nf3 g6 2. e4 c5 3. d4 cxd4 4. Qxd4 Nf6 5. Nc3 Nc6 6. Qa4 d6 7. e5 dxe5 8. Nxe5
Bg7 9. Bb5 O-O 10. Nxc6 bxc6 11. Bxc6 Rb8 12. O-O Qc7 13. Bf3 Bd7 14. Qh4 Bf5 15.
Bf4 e5 16. Bg5 Rxb2 17. Nd1 Rb6 18. Ne3 Bc8 19. c4 Bb7 20. Bxb7 Qxb7 21. Rac1 Re6
22. Rfd1 Ne4 23. Nd5 Nxg5 24. Qxg5 h6 25. Qe3 Kh7 26. Qb3 Qc6 27. Qb5 e4 28. Nb4
Qc7 29. Qd7 Qc5 30. Qb5 Qc7 31. Nd5 Qc6 32. a4 Rc8 33. Nb4 Qc7 34. c5 Qf4 35. Nd5
Qg5 36. c6 Re5 37. c7 e3 38. f4 Qh4 39. g3 Qg4 40. fxe5 e2 41. Rd2 Bxe5 42. Qxe2
 1-0

[Event "36th Reykjavik op"]
[Site "Reykjavik ISL"]
[Date "2023.03.29"]
[Round "1.59"]
[White "Kusa, Jakub"]
[Black "Jones, Craig"]
[WhiteElo "2373"]
[BlackElo "2075"]
[Result "0-1"]
[EventDate "2023.03.29"]
[PlyCount "46"]

1. d4 Nf6 2. c4 c5 3. d5 b5 4. cxb5 a6 5. b6 e6 6. Nc3 Nxd5 7. Nxd5 exd5 8. Qxd5
Nc6 9. e4 Be7 10. Bc4 O-O 11. Nf3 Nb4 12. Qxa8 Qxb6 13. Bd5 a5 14. a3 Ba6 15. Qxf8+
Bxf8 16. axb4 Qb5 17. Ng1 Qf1+ 18. Kd2 Qxf2+ 19. Kc3 cxb4+ 20. Kb3 Qxg2 21. Rxa5
Bd3 22. Bd2 Qxd2 23. Nf3 Bc2+  0-1

[Event "36th Reykjavik op"]
[Site "Reykjavik ISL"]
[Date "2023.03.29"]
[Round "1.60"]
[White "Hardarson, Petur Palmi"]
[Black "Bjorn, Thorfinnsson"]
[WhiteElo "2069"]
[BlackElo "2369"]
[Result "1/2-1/2"]
[EventDate "2023.03.29"]
[PlyCount "34"]

1. d4 Nf6 2. c4 b6 3. Nc3 Bb7 4. d5 e6 5. a3 exd5 6. cxd5 Bd6 7. g3 Be5 8. Bg2 Bxc3+
9. bxc3 O-O 10. c4 Re8 11. Bb2 d6 12. Nf3 Nbd7 13. O-O b5 14. Nd2 Nb6 15. Rc1 bxc4
16. Nxc4 Ba6 17. Ne3 Nbd7  1/2-1/2

[Event "36th Reykjavik op"]
[Site "Reykjavik ISL"]
[Date "2023.03.29"]
[Round "1.61"]
[White "Willemze, Thomas"]
[Black "Halldorsson, Bragi"]
[WhiteElo "2364"]
[BlackElo "2067"]
[Result "1-0"]
[EventDate "2023.03.29"]
[PlyCount "79"]

1. e4 c6 2. d4 d5 3. exd5 cxd5 4. Bd3 Nc6 5. c3 g6 6. Nf3 Bg7 7. O-O Nh6 8. Re1 O-O
9. h3 f6 10. Bb5 Nf7 11. c4 a6 12. cxd5 axb5 13. dxc6 bxc6 14. Bd2 Re8 15. Qb3 e6
16. Nc3 f5 17. Rad1 Qc7 18. d5 cxd5 19. Nxd5 Qc4 20. Qxc4 bxc4 21. Nc7 Bb7 22. Bc3
Bf8 23. Nxe8 Rxe8 24. Ne5 Bd5 25. Nd7 Be7 26. Nb6 Be4 27. Nxc4 Ra8 28. Rd7 Kf8 29.
a3 Ke8 30. Rd2 Rc8 31. Ne3 Bxa3 32. f3 Bb7 33. bxa3 Rxc3 34. Nd5 Bxd5 35. Rxd5 Ke7
36. Ra5 Rc6 37. a4 Nd6 38. Ra7+ Kf6 39. a5 Nc4 40. a6  1-0

[Event "36th Reykjavik op"]
[Site "Reykjavik ISL"]
[Date "2023.03.29"]
[Round "1.62"]
[White "Laddha, Yash Jayesh"]
[Black "Pigott, John"]
[WhiteElo "2067"]
[BlackElo "2361"]
[Result "1-0"]
[EventDate "2023.03.29"]
[PlyCount "49"]

1. e4 c5 2. Nf3 d6 3. d4 cxd4 4. Nxd4 Nf6 5. Nc3 a6 6. h3 Nc6 7. g4 g6 8. Bg2 Nxd4
9. Qxd4 Bg7 10. Be3 O-O 11. Qd2 Be6 12. O-O-O Qc7 13. Kb1 Rfc8 14. f4 Nd7 15. Bd4
Bxd4 16. Qxd4 Qa5 17. f5 Bc4 18. e5 Nxe5 19. Bxb7 Rab8 20. Bxc8 Rxc8 21. f6 exf6
22. b3 Bxb3 23. axb3 Rxc3 24. Qxd6 Kg7 25. g5  1-0

[Event "36th Reykjavik op"]
[Site "Reykjavik ISL"]
[Date "2023.03.29"]
[Round "1.63"]
[White "Hari, Charan Sai Kalluri"]
[Black "Rosen, Eric"]
[WhiteElo "2066"]
[BlackElo "2357"]
[Result "0-1"]
[EventDate "2023.03.29"]
[PlyCount "94"]

1. d4 Nf6 2. c4 e6 3. Nf3 d5 4. g3 Nc6 5. Bg2 Bd6 6. O-O O-O 7. b3 a5 8. Bb2 a4 9.
c5 Be7 10. bxa4 b6 11. cxb6 cxb6 12. Nc3 Na5 13. Ne5 Nd7 14. e4 Nxe5 15. dxe5 d4
16. Nb5 d3 17. Rc1 Nb7 18. Nd6 Nc5 19. Bd4 Ba6 20. a5 Bxd6 21. exd6 Qxd6 22. Be3
d2 23. Qxd2 Qxd2 24. Bxd2 Bxf1 25. Kxf1 e5 26. Ke2 Ne6 27. axb6 Rfb8 28. Be3 Rxa2+
29. Ke1 Kf8 30. Bh3 Nd4 31. Rc8+ Rxc8 32. Bxc8 Rb2 33. b7 Nc2+ 34. Kd2 Nxe3+ 35.
Kxe3 Rb3+ 36. Ke2 Ke7 37. h3 Kd6 38. f3 Kc5 39. g4 Kd4 40. Kf2 g5 41. Kg3 Ke3 42.
h4 h6 43. h5 Rb2 44. b8=Q Rxb8 45. Ba6 Rb2 46. Bf1 Rb1 47. Bh3 Rc1  0-1

[Event "36th Reykjavik op"]
[Site "Reykjavik ISL"]
[Date "2023.03.29"]
[Round "1.64"]
[White "O`gorman, Tom"]
[Black "Manukonda, Arun"]
[WhiteElo "2357"]
[BlackElo "2061"]
[Result "0-1"]
[EventDate "2023.03.29"]
[PlyCount "12"]

1. Nf3 d5 2. c4 e6 3. d4 c5 4. cxd5 exd5 5. g3 Nf6 6. Bg5 (6. Bg2 Nc6 7. O-O Be7
8. Nc3 O-O 9. dxc5 Bxc5 10. Na4 Be7 11. Be3 Bg4 12. Rc1 Qd7 13. Nc5 Bxc5 14. Rxc5
Rfe8 15. Re1 Rad8 16. Nd4 Ne4 17. Rc1 Bh3 18. Nxc6 bxc6 19. Bf3 h5 20. Qc2 h4 21.
Qxc6 hxg3 22. hxg3 Qf5 23. Bd4 Ng5 24. Qc3 Rc8 25. Qb3 Rxc1 26. Rxc1 Rxe2 27. Bxe2
Qe4 28. Bf1 Bxf1 29. Rxf1 (29. Rc8+ Kh7 30. Kxf1 Qxd4 31. Qe3 Qd1+ 32. Kg2 Qg4 33.
Qd3+ g6 34. Rd8 Ne6 35. Kg1 Nxd8 36. Qxd5 Qc8 37. b4 Ne6 38. a4 Qc1+ 39. Kg2 Qc7
40. a5 Kg7 41. a6 Kf6 42. Qb7 Ke5 43. b5 f5 44. Qa8 Nd8 45. Qf3 Ne6 46. Qa8 Qb6 47.
Qh8+ Ke4 48. Qe8 Kd3 49. g4 Ke2 50. Kh1 Kf1 51. Qxg6 Qd8)) 6... Nc6  0-1

[Event "36th Reykjavik op"]
[Site "Reykjavik ISL"]
[Date "2023.03.29"]
[Round "1.65"]
[White "Markzon, Gregory"]
[Black "Colpe, Malte"]
[WhiteElo "2059"]
[BlackElo "2356"]
[Result "0-1"]
[EventDate "2023.03.29"]
[PlyCount "56"]

1. d4 Nf6 2. c4 e6 3. Nc3 Bb4 4. e3 O-O 5. a3 Bxc3+ 6. bxc3 c5 7. Bd3 Nc6 8. Ne2
e5 9. d5 e4 10. Bc2 Na5 11. Ng3 Re8 12. O-O d6 13. f3 Nxc4 14. fxe4 Ng4 15. Qe1 g6
16. e5 Ngxe5 17. e4 Bd7 18. h3 Bb5 19. Bf4 Nb6 20. Rf2 Qh4 21. Qc1 Bd3 22. Nh1 c4
23. Qe3 Bxc2 24. Rxc2 Nd3 25. Ng3 Nxd5 26. Qf3 N5xf4 27. Rf1 Qg5 28. e5 Qxe5  0-1

[Event "36th Reykjavik op"]
[Site "Reykjavik ISL"]
[Date "2023.03.29"]
[Round "1.66"]
[White "Braun, Vitali"]
[Black "Tulendinov, Dinmukhammed"]
[WhiteElo "2356"]
[BlackElo "2048"]
[Result "1/2-1/2"]
[EventDate "2023.03.29"]
[PlyCount "99"]

1. d4 d5 2. c4 c6 3. Nf3 Nf6 4. Nc3 a6 5. c5 Bf5 6. Bf4 Nbd7 7. e3 g6 8. h3 Bg7 9.
Be2 O-O 10. O-O Ne4 11. Qb3 Qc8 12. Rfd1 Re8 13. Nxe4 Bxe4 14. Ng5 Nf6 15. Nxe4 Nxe4
16. f3 Nf6 17. Be5 Nd7 18. Bxg7 Kxg7 19. f4 f6 20. Qc3 Qc7 21. b4 e5 22. fxe5 fxe5
23. Bf3 Nf6 24. Rf1 Re7 25. a4 Rae8 26. b5 exd4 27. exd4 Qg3 28. bxc6 bxc6 29. Qd2
Ne4 30. Qe1 Qxe1 31. Rfxe1 Nd2 32. Rxe7+ Rxe7 33. Kf2 Rb7 34. Be2 Ne4+ 35. Ke1 a5
36. Bf3 Rb4 37. Bxe4 dxe4 38. Rd1 Kf6 39. d5 cxd5 40. Rxd5 Rxa4 41. c6 Rc4 42. Rxa5
Rxc6 43. Kf2 Rc2+ 44. Kf1 h5 45. h4 Rd2 46. Rb5 Rc2 47. Ra5 e3 48. Ra3 e2+ 49. Ke1
Kf5 50. Ra4  1/2-1/2

[Event "36th Reykjavik op"]
[Site "Reykjavik ISL"]
[Date "2023.03.29"]
[Round "1.67"]
[White "Kakulidis, Ellen"]
[Black "Miller, Eduard"]
[WhiteElo "2046"]
[BlackElo "2354"]
[Result "1-0"]
[EventDate "2023.03.29"]
[PlyCount "58"]

1. d4 Nf6 2. Nf3 g6 3. c4 Bg7 4. Nc3 O-O 5. e4 d6 6. Be2 e5 7. d5 a5 8. Bg5 Qe8 9.
Nd2 Nfd7 10. g4 f6 11. Be3 f5 12. gxf5 gxf5 13. exf5 Nf6 14. Bd3 Nh5 15. f6 Bxf6
16. Qc2 Qe7 17. Rg1+ Kh8 18. O-O-O Na6 19. a3 Bh4 20. Nde4 Nf4 21. Be2 Bd7 22. Bg4
Be8 23. Ne2 Nc5 24. Nxf4 Ba4 25. b3 Nxb3+ 26. Kb1 (26. Kb2 exf4 27. Qc3+ Bf6 28.
Nxf6 Qxf6 29. Bc1 Qxc3+ 30. Kxc3 Nxc1 31. Rxc1 Rae8 32. Bf3 Bd7 33. Rb1 b6 34. Rbe1
Bf5 35. Kd4 Bg6 36. a4 (36. h4 Bf7 (36... Bf5 37. Be4 Re5 38. Bxf5 Rexf5 (38... Rfxf5
39. f3 h5 40. Re4 Kh7 41. Rge1 b5 42. Rxe5 Rxe5 43. Rxe5 dxe5+ 44. Kxe5 bxc4 45.
Kd4 Kg6 46. Kxc4 Kf5 47. Kc5)))) 26... exf4 27. Qc3+ Bf6 28. Nxf6 Qxf6 29. Bc1 Qxc3
 1-0

[Event "36th Reykjavik op"]
[Site "Reykjavik ISL"]
[Date "2023.03.29"]
[Round "1.68"]
[White "Heimisson, Hilmir Freyr"]
[Black "Pagan, Jonathan"]
[WhiteElo "2351"]
[BlackElo "2042"]
[Result "1-0"]
[EventDate "2023.03.29"]
[PlyCount "97"]

1. d4 Nf6 2. c4 e6 3. Nc3 Bb4 4. Qc2 d5 5. a3 Bxc3+ 6. Qxc3 dxc4 7. Qxc4 b6 8. Nf3
Ba6 9. Qa4+ Qd7 10. Qc2 h6 11. g3 Bb7 12. Bg2 Be4 13. Qc3 Nc6 14. O-O Qd5 15. Rd1
O-O 16. Bf4 Rac8 17. Ne1 Bxg2 18. Nxg2 Ne7 19. Rac1 Qb7 20. Qb3 Rfd8 21. f3 Ng6 22.
Be3 Qa6 23. Qc4 Qxc4 24. Rxc4 e5 25. Rdc1 exd4 26. Bxd4 Ne8 27. Be3 c5 28. Ra4 Rc7
29. Kf2 Nd6 30. g4 Nb5 31. h4 Rcc8 32. h5 Ne5 33. Nh4 f6 34. Nf5 Kf7 35. Bf4 a5 36.
Re4 Rd5 37. Bxe5 fxe5 38. Ne3 Rd4 39. Rxe5 Nd6 40. Nf5 Nxf5 41. Rxf5+ Ke6 42. Rc3
Rc7 43. Rb3 Rd6 44. Re3+ Kd7 45. Rf7+ Kc6 46. Rxc7+ Kxc7 47. Re7+ Kc8 48. Rxg7 Rd2
49. g5  1-0

[Event "36th Reykjavik op"]
[Site "Reykjavik ISL"]
[Date "2023.03.29"]
[Round "1.69"]
[White "Ptacnikova, Lenka"]
[Black "Song, Julien"]
[WhiteElo "2040"]
[BlackElo "2348"]
[Result "1/2-1/2"]
[EventDate "2023.03.29"]
[PlyCount "155"]

1. d4 d5 2. Nc3 Nf6 3. Bf4 c5 4. e3 cxd4 5. exd4 Bg4 6. f3 Bd7 7. Nb5 Bxb5 8. Bxb5+
Nc6 9. c3 e6 10. Qa4 Qd7 11. Ne2 Bd6 12. O-O O-O 13. Bxd6 Qxd6 14. Rae1 a6 15. Bxc6
bxc6 16. Nc1 c5 17. Qa3 Rfc8 18. Nd3 Nd7 19. Rf2 Qb6 20. Qa4 Ra7 21. dxc5 Nxc5 22.
Qd4 Nd7 23. Qxb6 Nxb6 24. f4 g6 25. g4 d4 26. cxd4 Rd7 27. Re4 Rcd8 28. Nc5 Rxd4
29. Rxd4 Rxd4 30. Kg2 a5 31. Nb3 Ra4 32. a3 Kg7 33. Kg3 Nd5 34. Rf3 h5 35. gxh5 gxh5
36. Nc5 Rc4 37. Nd3 f6 38. Rf2 a4 39. Kh4 Kh6 40. Kg3 Kg7 41. Rf1 Rd4 42. Nc5 Kf7
43. Rf3 Rc4 44. b4 axb3 45. Nxb3 Kg6 46. Nd2 Ra4 47. f5+ exf5 48. Rb3 h4+ 49. Kf2
Rf4+ 50. Ke2 Rg4 51. Nf3 h3 52. Ne1 Kg5 53. Kf2 Rf4+ 54. Kg3 Rg4+ 55. Kf2 Rf4+ 56.
Kg3 Re4 57. Nf3+ Kh5 58. Ng1 Rg4+ 59. Kf2 Rg2+ 60. Kf1 Kg4 61. Nxh3 Rxh2 62. Nf2+
Kf4 63. Rh3 Rxh3 64. Nxh3+ Kg3 65. Nf2 Nc3 66. Nd3 f4 67. Nc5 Kf3 68. a4 Ke3 69.
a5 f3 70. a6 Nb5 71. Nd7 f5 72. Ne5 f4 73. Nc6 Ke4 74. a7 Nxa7 75. Nxa7 f2 76. Nb5
f3 77. Kxf2 Kd5 78. Kxf3  1/2-1/2

[Event "36th Reykjavik op"]
[Site "Reykjavik ISL"]
[Date "2023.03.29"]
[Round "1.70"]
[White "Panesar, Vedant"]
[Black "Bjorkman, Filip"]
[WhiteElo "2348"]
[BlackElo "2040"]
[Result "1-0"]
[EventDate "2023.03.29"]
[PlyCount "61"]

1. e4 c5 2. Nf3 Nc6 3. d4 cxd4 4. Nxd4 Nf6 5. Nc3 e5 6. Ndb5 d6 7. Nd5 Nxd5 8. exd5
Nb8 9. a4 a6 10. Na3 Be7 11. Be2 O-O 12. O-O f5 13. Nc4 Nd7 14. a5 f4 15. Bd2 Qc7
16. Re1 f3 17. gxf3 Nf6 18. Nb6 Bh3 19. Nxa8 Rxa8 20. Be3 Qd7 21. Kh1 Qf5 22. Rg1
Nh5 23. Qd3 Qf7 24. Ra4 Bf5 25. Qd1 Rc8 26. Rc4 Rxc4 27. Bxc4 e4 28. f4 h6 29. Be2
Nf6 30. c4 Nd7 31. Bg4  1-0

[Event "36th Reykjavik op"]
[Site "Reykjavik ISL"]
[Date "2023.03.29"]
[Round "1.71"]
[White "Kienitz, Andre"]
[Black "Griffith, Kyron"]
[WhiteElo "2039"]
[BlackElo "2342"]
[Result "0-1"]
[EventDate "2023.03.29"]
[PlyCount "52"]

1. e4 c5 2. Nf3 d6 3. Bb5+ Bd7 4. Bxd7+ Qxd7 5. c4 Nf6 6. Nc3 g6 7. d4 cxd4 8. Nxd4
Bg7 9. f3 O-O 10. Be3 Nc6 11. O-O Rfc8 12. b3 a6 13. Qd2 Nxd4 14. Bxd4 b5 15. cxb5
axb5 16. a4 bxa4 17. bxa4 Rc4 18. Qd3 Qc6 19. Ra3 Nxe4 20. Bxg7 Qc5+ 21. Kh1 Nf2+
22. Rxf2 Qxf2 23. h3 Rac8 24. Bh6 Rxc3 25. Rxc3 Qe1+ 26. Kh2 Qe5+  0-1

[Event "36th Reykjavik op"]
[Site "Reykjavik ISL"]
[Date "2023.03.29"]
[Round "1.72"]
[White "Fitzsimons, David"]
[Black "Zhou, Lepu Coco"]
[WhiteElo "2338"]
[BlackElo "2034"]
[Result "0-1"]
[EventDate "2023.03.29"]
[PlyCount "92"]

1. e4 e6 2. d4 d5 3. e5 c5 4. c3 Nc6 5. Nf3 Qb6 6. a3 c4 7. Nbd2 Na5 8. Rb1 Qc7 9.
b4 cxb3 10. Nxb3 Nc4 11. Nfd2 Nxa3 12. Ra1 Nc4 13. Nxc4 dxc4 14. Na5 b5 15. Qf3 Rb8
16. Qc6+ Qd7 17. Rb1 Rb6 18. Qa8 Ne7 19. Ba3 Nd5 20. Bc5 Bxc5 21. dxc5 Ra6 22. Nxc4
bxc4 23. Bxc4 Nc7 24. Bxa6 Nxa8 25. Bb5 Ba6 26. Bxd7+ Kxd7 27. Rd1+ Ke7 28. Rd6 Bb5
29. Kd2 Rc8 30. Ra1 a6 31. c6 Nb6 32. Ke1 Nc4 33. Rd7+ Ke8 34. f4 Bxc6 35. Ra7 Bb5
36. Rd1 Ne3 37. Rd2 g5 38. g3 Nd5 39. Rc2 Nb4 40. Rd2 Nd3+ 41. Kd1 Rxc3 42. Ra2 Rc8
43. Kd2 Nb4 44. Ra1 Rc2+ 45. Ke3 Nd5+ 46. Ke4 Be2  0-1

[Event "36th Reykjavik op"]
[Site "Reykjavik ISL"]
[Date "2023.03.29"]
[Round "1.73"]
[White "Bartelt, Max Peter"]
[Black "Sarkar, Justin"]
[WhiteElo "2031"]
[BlackElo "2338"]
[Result "0-1"]
[EventDate "2023.03.29"]
[PlyCount "144"]

1. d4 Nf6 2. Bg5 c5 3. Bxf6 gxf6 4. e3 Qb6 5. b3 d5 6. c4 cxd4 7. Qxd4 Qxd4 8. exd4
Nc6 9. Nc3 dxc4 10. Bxc4 Nxd4 11. Rd1 Nc2+ 12. Kf1 e6 13. Nb5 Ke7 14. Rd2 Nb4 15.
f4 Bh6 16. Ne2 a6 17. Nbd4 b5 18. a3 bxc4 19. axb4 Bd7 20. bxc4 Rab8 21. b5 axb5
22. cxb5 e5 23. Nc2 Rxb5 24. Kf2 Be6 25. Ra1 Rc8 26. Ne1 Rb4 27. g3 exf4 28. Nxf4
Bxf4 29. gxf4 Rxf4+ 30. Ke3 Rcc4 31. Ra7+ Kf8 32. Ra8+ Kg7 33. Rg2+ Kh6 34. Ra3 Bd5
35. Rg3 Rce4+ 36. Kd2 Rf2+ 37. Kd1 Rb4 38. Kc1 Ba2 39. Rh3+ Kg7 40. Rhg3+ Kf8 41.
Ra8+ Ke7 42. Ra7+ Kd6 43. Rd3+ Kc5 44. Rd2 Rb1+ 45. Kc2 Rb2+ 46. Kxb2 Rxd2+ 47. Kc3
Rxh2 48. Ra5+ Kd6 49. Kd4 Be6 50. Nf3 Re2 51. Kd3 Ra2 52. Rb5 h5 53. Ke3 Bg4 54.
Nd2 h4 55. Ne4+ Kc6 56. Rc5+ Kb6 57. Rc1 f5 58. Nf6 h3 59. Kf4 Rf2+ 60. Kg5 Bf3 61.
Nh5 Rg2+ 62. Kh4 Bxh5 63. Kxh5 h2 64. Rh1 f4 65. Kh4 f3 66. Kh3 Kc5 67. Rc1+ Kd4
68. Rh1 Ke3 69. Re1+ Kf4 70. Ra1 f5 71. Rb1 h1=R+ 72. Rxh1 Rg6  0-1

[Event "36th Reykjavik op"]
[Site "Reykjavik ISL"]
[Date "2023.03.29"]
[Round "1.74"]
[White "Camus de Solliers, Guillaume"]
[Black "Holand, Per Fredrik"]
[WhiteElo "2325"]
[BlackElo "2026"]
[Result "1-0"]
[EventDate "2023.03.29"]
[PlyCount "75"]

1. d4 d5 2. c4 c6 3. Nc3 Nf6 4. e3 e6 5. Nf3 Nbd7 6. Bd3 dxc4 7. Bxc4 b5 8. Bd3 Bd6
9. O-O O-O 10. Qc2 Bb7 11. e4 e5 12. h3 Re8 13. dxe5 Nxe5 14. Nxe5 Bxe5 15. Be3 Qe7
16. Ne2 Bc7 17. Ng3 Bxg3 18. fxg3 Nd7 19. e5 h6 20. Rac1 a6 21. a4 Rad8 22. Kh2 Nxe5
23. Bc5 Qd7 24. Bh7+ Kh8 25. Rcd1 Qe6 26. Bf5 Rxd1 27. Rxd1 Qc4 28. Qf2 Bc8 29. Bc2
bxa4 30. Bd4 f6 31. Bxe5 fxe5 32. Bg6 Qb3 33. Bxe8 Qxd1 34. Qf8+ Kh7 35. Bf7 h5 36.
Qg8+ Kh6 37. Qh8+ Kg5 38. Qxg7+  1-0

[Event "36th Reykjavik op"]
[Site "Reykjavik ISL"]
[Date "2023.03.29"]
[Round "1.75"]
[White "Petursson, Gudni"]
[Black "Papadiamandis, Elliot"]
[WhiteElo "2020"]
[BlackElo "2323"]
[Result "0-1"]
[EventDate "2023.03.29"]
[PlyCount "74"]

1. d4 Nf6 2. c4 g6 3. Nc3 d5 4. Nf3 Bg7 5. Bf4 O-O 6. e3 c5 7. Be2 cxd4 8. exd4 dxc4
9. O-O Be6 10. Ng5 Bd5 11. Nxd5 Nxd5 12. Bxb8 Rxb8 13. Bxc4 Nb6 14. Bxf7+ Rxf7 15.
Nxf7 Kxf7 16. Qf3+ Kg8 17. Rfd1 Qd5 18. Qe2 e6 19. a4 a5 20. Qb5 Qxb5 21. axb5 Ra8
22. Kf1 Kf7 23. Rac1 Nd5 24. Ke2 Ke7 25. g3 Kd6 26. Kd3 g5 27. Ke4 a4 28. Rd3 Ra5
29. Rc5 b6 30. Rc6+ Kd7 31. Rc4 Bf8 32. Rf3 Be7 33. Rf7 Rxb5 34. Rxa4 Nf6+ 35. Rxf6
Bxf6 36. Ra7+ Kd6 37. Rxh7 Rxb2  0-1

[Event "36th Reykjavik op"]
[Site "Reykjavik ISL"]
[Date "2023.03.29"]
[Round "1.76"]
[White "Soderstrom, Adrian"]
[Black "Maleki, Nicolas"]
[WhiteElo "2322"]
[BlackElo "2018"]
[Result "1-0"]
[EventDate "2023.03.29"]
[PlyCount "67"]

1. d4 d5 2. c4 c6 3. Nf3 Nf6 4. Qc2 dxc4 5. Qxc4 Bf5 6. g3 e6 7. Bg2 Nbd7 8. O-O
Be7 9. e3 O-O 10. Qe2 h6 11. Nc3 Ne4 12. Ne1 Nxc3 13. bxc3 e5 14. e4 Be6 15. Be3
Nb6 16. Rd1 Qc7 17. Nd3 Nc4 18. f4 Nxe3 19. Qxe3 exf4 20. gxf4 Bxa2 21. f5 f6 22.
Rf3 c5 23. Rg3 cxd4 24. cxd4 Rfd8 25. Kh1 Rac8 26. Rg1 Kh7 27. Bf3 Bf8 28. d5 Qb6
29. Qd2 Bc4 30. Nf4 Rd7 31. Nh5 Qd6 32. Qg2 Rcc7 33. Rg6 Rf7 34. Rxh6+  1-0

[Event "36th Reykjavik op"]
[Site "Reykjavik ISL"]
[Date "2023.03.29"]
[Round "1.77"]
[White "Schaefer, Bernd"]
[Black "Gaal, Zsoka"]
[WhiteElo "2018"]
[BlackElo "2320"]
[Result "0-1"]
[EventDate "2023.03.29"]
[PlyCount "96"]

1. Nf3 d5 2. d4 Nf6 3. e3 e6 4. Bd3 Bd6 5. b3 O-O 6. Bb2 c5 7. Nbd2 cxd4 8. exd4
b6 9. O-O Bb7 10. Re1 Nbd7 11. Ne5 Rc8 12. f4 g6 13. Re3 Re8 14. Rh3 Bf8 15. Qf3
Bg7 16. g4 Qc7 17. Rc1 Red8 18. g5 Ne8 19. Qg4 Nf8 20. Ba3 f5 21. gxf6 Nxf6 22. Qh4
b5 23. Ndf3 Qb6 24. Be7 Nh5 25. Bxd8 Rxd8 26. c3 Rc8 27. Rc2 b4 28. Qe7 Rc7 29. Qg5
bxc3 30. Rxh5 gxh5 31. f5 exf5 32. Rg2 Kh8 33. Qxf5 Qf6 34. Qxh5 Ba6 35. Bc2 Qf4
36. Qg5 Qxg5 37. Nxg5 Bxe5 38. dxe5 d4 39. e6 Ng6 40. Nf7+ Kg7 41. Nd6 Kg8 42. Ne8
Re7 43. Nf6+ Kg7 44. Nh5+ Kh6 45. Ng3 Nh4 46. Rf2 d3 47. Ne4 Rxe6 48. Nxc3 Re1+  0-1